Asiatische Länder – Geben Sie den ersten Buchstaben ein - Statistiken

Allgemein
  • Dieses Quiz wurde 528 mal gespielt
  • Das Durchschnittsergebnis liegt bei 26 aus 48
Antworten auf der Karte
Die Antworten werden auf der Karte rot bzw. grün angezeigt, abhängig davon wie oft sie richtig erraten wurden.
 
Antwortstatistiken
Land % Korrekt
Malaysia
60%
Saudi-Arabien
60%
Singapur
60%
Myanmar
59%
Zypern
59%
Indonesien
58%
Jemen
58%
Kirgisistan
58%
Sri Lanka
58%
Bangladesch
57%
Indien
57%
Irak
57%
Iran
57%
Japan
57%
Oman
57%
Kuwait
56%
Nordkorea
56%
Türkei
56%
Usbekistan
56%
Aserbaidschan
55%
Laos
55%
Mongolei
55%
Philippinen
55%
Vereinigte Arabische Emirate
55%
Armenien
54%
Kambodscha
54%
Bahrain
53%
Bhutan
53%
China
53%
Georgien
53%
Israel
53%
Kasachstan
53%
Libanon
53%
Nepal
53%
Pakistan
53%
Syrien
53%
Taiwan
53%
Afghanistan
52%
Malediven
52%
Tadschikistan
52%
Vietnam
52%
Brunei
51%
Jordanien
51%
Thailand
51%
Timor-Leste
51%
Katar
50%
Südkorea
50%
Turkmenistan
49%
Keine übereinstimmenden Quizze gefunden
Verteilung der Resultate
Anzahl Personen mit jedem Resultat
Perzentil nach korrekt beantworteten Fragen
Ihre Resultats-Entwicklung
Sie haben dieses Quiz noch nicht gespielt